Névrose et obsessions : (Record no. 29373)
[ view plain ]
| 000 -LEADER | |
|---|---|
| fixed length control field | 00753nam a22002417a 4500 |
| 001 - CONTROL NUMBER | |
| control field | 29373 |
| 003 - CONTROL NUMBER IDENTIFIER | |
| rucl marc code | BD-RjUL |
| 005 - DATE AND TIME OF LATEST TRANSACTION | |
| control field | 20211209051414.0 |
| 008 - FIXED-LENGTH DATA ELEMENTS--GENERAL INFORMATION | |
| fixed length control field | 140403s1955 fr ||||| |||| 00| 0 eng d |
| 035 ## - SYSTEM CONTROL NUMBER | |
| System control number | (BD-RjUL)29458 |
| 040 ## - CATALOGING SOURCE | |
| Original cataloging agency | BD-RjUL |
| Language of cataloging | eng |
| Transcribing agency | BD-RjUL |
| 041 ## - LANGUAGE CODE | |
| Language code of text/sound track or separate title | eng |
| 082 04 - DEWEY DECIMAL CLASSIFICATION NUMBER | |
| Edition number | 19 |
| Classification number | 616.852 |
| Author mark and year | RIN 1955 |
| 100 1# - MAIN ENTRY--PERSONAL NAME | |
| Personal name | Rivière, André La. |
| 9 (RLIN) | 89585 |
| 245 10 - TITLE STATEMENT | |
| Title | Névrose et obsessions : |
| Remainder of title | V / |
| Statement of responsibility, etc. | André La. Rivière. |
| 260 ## - PUBLICATION, DISTRIBUTION, ETC. (IMPRINT) | |
| Place of publication, distribution, etc. | Montréal : |
| Name of publisher, distributor, etc. | Les Éditions psychologiques enrg., |
| Date of publication, distribution, etc. | 1955. |
| 300 ## - PHYSICAL DESCRIPTION | |
| Pagination | 284 p. ; |
| Size | 21 cm. |
| 490 ## - SERIES STATEMENT | |
| Series statement | Collection Equilibre psychique et bonheur. |
| 650 #0 - SUBJECT ADDED ENTRY--TOPICAL TERM | |
| Topical term or geographic name as entry element | Neurosen. |
| 9 (RLIN) | 89586 |
| Topical term or geographic name as entry element | Névroses obsessionnelles. |
| 9 (RLIN) | 89587 |
| 830 ## - SERIES ADDED ENTRY--UNIFORM TITLE | |
| Uniform title | Collection Equilibre psychique et bonheur. |
| 942 ## - ADDED ENTRY ELEMENTS (KOHA) | |
| Source of classification or shelving scheme | Dewey Decimal Classification |
| Koha item type | Books |
| Lost status | Source of classification or shelving scheme | Damaged status | Not for loan | Collection code | Permanent Location | Current Location | Shelving location | Date acquired | Source of acquisition | Total Checkouts | Full call number | Date last seen | Copy number | Koha item type |
|---|---|---|---|---|---|---|---|---|---|---|---|---|---|---|
| Dewey Decimal Classification | Added to bundle | Non-fiction | Central Library, University of Rajshahi | Central Library, University of Rajshahi | Reading Room | 01/05/1963 | Author, Gift. | 616.852 RIN 1955 | 03/04/2014 | C-1 | Books |